000 00399nam a22001697a 4500
003 MACL
005 20160130160025.0
008 160130b xxu||||| |||| 00| 0 eng d
040 _cMACL
041 _aEnglish
082 _a780/SIN
100 _aSinha Nitu
_936262
245 _aMusic In 20th Century
260 _a New Delhi
_bABD Publishers
_c2013
650 _aMusic
_936263
942 _2ddc
_cBK
999 _c52960
_d52960